000 00297nam a22001337a 4500
008 170525b xxu||||| |||| 00| 0 eng d
020 _a047121180-X
041 _aeng
080 _a621.3
100 _a26
101 _aIM
245 _aPOWER SEMICONDUCTOR CIRCUITS
_cDEWAN, S.B
942 _2udc
_cBK
999 _c14262
_d14262